000
00320nam a22001217a 4500
008
211129b ||||| |||| 00| 0 eng d
020
_a
9780190120818
050
_a
423
_b
1
245
_a
Oxford Illustrated Children's Dictionary Thesaurus
260
_a
UK
_b
Oxford University Press
_c
2010
300
_a
1
942
_2
ddc
_c
BK
999
_c
11935
_d
11935